header

Blood and marrow transplantation long-term management : (Record no. 118442)

MARC details
000 -LEADER
fixed length control field 02023nam a2200421 i 4500
001 - CONTROL NUMBER
control field ebr10756810
003 - CONTROL NUMBER IDENTIFIER
control field CaPaEBR
006 - FIXED-LENGTH DATA ELEMENTS--ADDITIONAL MATERIAL CHARACTERISTICS--GENERAL INFORMATION
fixed length control field m o d
007 - PHYSICAL DESCRIPTION FIXED FIELD--GENERAL INFORMATION
fixed length control field cr cn|||||||||
008 - FIXED-LENGTH DATA ELEMENTS--GENERAL INFORMATION
fixed length control field 130506t20132013enkad ob 001 0 eng|d
020 ## - INTERNATIONAL STANDARD BOOK NUMBER
Cancelled/invalid ISBN 9781118473405 (cloth)
International Standard Book Number 9781118473375 (e-book)
040 ## - CATALOGING SOURCE
Original cataloging agency CaPaEBR
Language of cataloging eng
Description conventions rda
-- pn
Transcribing agency CaPaEBR
035 ## - SYSTEM CONTROL NUMBER
System control number (OCoLC)861528879
050 14 - LIBRARY OF CONGRESS CALL NUMBER
Classification number RM171.4
Item number .B56 2013eb
082 04 - DEWEY DECIMAL CLASSIFICATION NUMBER
Classification number 616.02/774
Edition number 23
245 00 - TITLE STATEMENT
Title Blood and marrow transplantation long-term management :
Remainder of title prevention and complications /
Statement of responsibility, etc edited by Bipin N. Savani.
264 #1 - PRODUCTION, PUBLICATION, DISTRIBUTION, MANUFACTURE, AND COPYRIGHT NOTICE
Place of production, publication, distribution, manufacture Chichester, West Sussex, UK :
Name of producer, publisher, distributor, manufacturer John Wiley & Sons,
Date of production, publication, distribution, manufacture, or copyright notice [2013]
Date of production, publication, distribution, manufacture, or copyright notice �2013
300 ## - PHYSICAL DESCRIPTION
Extent 1 online resource (416 pages) :
Other physical details color illustrations
336 ## - CONTENT TYPE
Content type term text
Source rdacontent
337 ## - MEDIA TYPE
Media type term computer
Source rdamedia
338 ## - CARRIER TYPE
Carrier type term online resource
Source rdacarrier
504 ## - BIBLIOGRAPHY, ETC. NOTE
Bibliography, etc Includes bibliographical references and index.
505 0# - FORMATTED CONTENTS NOTE
Formatted contents note section 1. Late effects concepts -- section 2. Management -- section 3. Supportive care for long-term survivors after HSCT.
588 ## - SOURCE OF DESCRIPTION NOTE
Source of description note Description based on print version record.
590 ## - LOCAL NOTE (RLIN)
Local note Electronic reproduction. Palo Alto, Calif. : ebrary, 2013. Available via World Wide Web. Access may be limited to ebrary affiliated libraries.
650 #0 - SUBJECT ADDED ENTRY--TOPICAL TERM
Topical term or geographic name as entry element Hematopoietic stem cells
General subdivision Transplantation.
Topical term or geographic name as entry element Bone marrow
General subdivision Transplantation.
Topical term or geographic name as entry element Hematopoietic stem cells
General subdivision Transplantation
-- Complications.
Topical term or geographic name as entry element Bone marrow
General subdivision Transplantation
-- Complications.
Topical term or geographic name as entry element Long-term care of the sick.
655 #0 - INDEX TERM--GENRE/FORM
Genre/form data or focus term Electronic books.
700 1# - ADDED ENTRY--PERSONAL NAME
Personal name Savani, Bipin N.
776 08 - ADDITIONAL PHYSICAL FORM ENTRY
Display text Print version:
Title Blood and marrow transplantation long-term management : prevention and complications.
Place, publisher, and date of publication Chichester, West Sussex, UK : John Wiley & Sons, [2013]
Physical description xv, 398 pages
International Standard Book Number 9781118473405
Record control number (DNLM)101607589
-- (DLC) 2013018410
797 2# - LOCAL ADDED ENTRY--CORPORATE NAME (RLIN)
Corporate name or jurisdiction name as entry element ebrary.
856 40 - ELECTRONIC LOCATION AND ACCESS
Uniform Resource Identifier <a href="http://site.ebrary.com/lib/rucke/Doc?id=10756810">http://site.ebrary.com/lib/rucke/Doc?id=10756810</a>
Public note An electronic book accessible through the World Wide Web; click to view

No items available.

© 2026 Rongo University
Contact us: librarian | system librarian | Rongo university